Statistics for Flag Maps: Caribbean

Click here to take the quiz!

General Stats

  • This quiz has been taken 28 times
  • The average score is 20 of 33

Answer Stats

Answer% Correct
Antigua and Barbuda
96%
Anguilla
87%
Barbados
87%
Cuba
83%
Saint Lucia
83%
Aruba
78%
Dominican Republic
78%
Haiti
78%
Jamaica
78%
Saint Kitts and Nevis
78%
Saint Vincent and the Grenadines
78%
Dominica
74%
Martinique
74%
Puerto Rico
74%
Trinidad and Tobago
74%
Grenada
70%
Bonaire
65%
British Virgin Islands
65%
Curaçao
65%
Guadeloupe
65%
Montserrat
65%
Saint Martin
61%
United States Virgin Islands
61%
Cayman Islands
57%
Saba
48%
Sint Maarten
48%
Saint Barthélemy
43%
Sint Eustatius
39%
Turks and Caicos Islands
30%
Navassa Island
26%
Guantanamo Bay
22%
Bajo Nuevo Bank
9%
Seranilla Bank
4%

Score Distribution

Percentile by Number Answered

Percent of People with Each Score

Your Score History

You have not taken this quiz